00544nam a22001577a 4500003000900000005001700009008004100026040001300067100002900080245006900109250001100178260002700189300001200216490001700228520014100245IT-RoPau20220918181106.0130521b xxu||||| |||| 00| 0 eng d cIT-RoPau aSSP Provincia Brasileira aVida paulina 1996bBoletim informativo da Província do Brasil  a1° ed aSão PaulobSSPc1996 c21,5 cm aVida paulina aIndice São Paulo – Abril de 1996 – n° 31 São Paulo – Novembro de 1996 – n° 1 São Paulo – Dezembro de 1996 – n° 2